000 00294 a2200145 4500
001 189014
020 _a
040 _cMagnum
240 1 0 _aPratique gentileza
_lpor
245 1 0 _aPratique gentileza
300 _a28
362 0 _a2010
697 _aLITERATURA INFANTO-JUVENIL
942 _cBK
999 _c189014
_d189014